| 000 | 00677cam a2200217 4500 | ||
|---|---|---|---|
| 001 | J332 | ||
| 008 | 090401t1991 xxu||||| |||| 00| 0 eng d | ||
| 035 | _a(Sirsi) u74452 | ||
| 041 | _aeng | ||
| 050 | _a692.80212 | ||
| 110 |
_aUnited Kingdom _bProperty Services Agency _91138 |
||
| 245 | _aPrice adjustment formulae for construction contracts:monthly bulletin of indices .- January - December 1991. | ||
| 260 |
_aLondon _bHMSO _c1991 |
||
| 300 | _a1 vol. ; 30cm. | ||
| 350 | _a0 | ||
| 650 | _aBUILT ENVIRONMENT-BUILDING CONTRACT FORMS | ||
| 650 | _aPRICE ADJUSTMENT FORMULAE | ||
| 690 | _aBUILT ENVIRONMENT-BUILDING CONTRACT FORMS | ||
| 942 | _n0 | ||
| 948 | _c04/03/1997 | ||
| 999 |
_c95853 _d95853 |
||